| 000 | 00529aam a2200229 4500 | ||
|---|---|---|---|
| 005 | 20240524115016.0 | ||
| 008 | 150605b xxu||||| |||| 00| 0 spa d | ||
| 020 | _a9788492796229 | ||
| 041 | _aESP | ||
| 082 | _a747 B874d | ||
| 100 | _aBroto, Carles | ||
| 245 | _aDiseño de stands | ||
| 260 | _aEspaña | ||
| 260 | _bEditorial Océano | ||
| 260 | _c2011 | ||
| 300 | _a299 páginas | ||
| 650 | _aDECORACIÓN | ||
| 650 | _aDISEÑO DE STANDS | ||
| 650 | _aDECORACIÓN DE STANDS | ||
| 942 |
_cBK _2ddc |
||
| 999 |
_c2658 _d2658 |
||